La Energía como fuente de crecimiento y desarrollo en la perspectiva del fin de la era de los combustibles fósiles /

Kaydedildi:
Detaylı Bibliyografya
Yazar: Romerio, Franco
Materyal Türü: Metin
Konular:
Etiketler: Etiketle
Etiket eklenmemiş, İlk siz ekleyin!

MARC

LEADER 00000 a a2200000 04500
001 5378
003
040
100 |a Romerio, Franco  
245 |a La Energía como fuente de crecimiento y desarrollo en la perspectiva del fin de la era de los combustibles fósiles /  |c Franco Romerio 
650 |a CONSUMO DE ENERGIA  
650 |a FUENTES DE ENERGIA  
650 |a CRECIMIENTO ECONOMICO  
650 |a DESARROLLO HUMANO  
650 |a COMBUSTIBLES FOSILES  
650 |a TECNOLOGIA  
650 |a ENERGIA  
650 |a DESARROLLO HUMANO  
773 |g número 340; páginas 33-47  
999 |c 19995  |d 19995